000 00582nam a2200193 a 4500
001 000010128
005 20240412074215.0
008 091005s1969 dr r 000 p spa d
040 _aDO-SdBNP
_bspa
_cBNPHU
082 _aRD861.44
_bC957r
100 1 _aCruz, Pedro María
_925124
245 1 0 _aRaices iluminadas /
_cPedro María Cruz.
260 _aSanto Domingo :
_bDel Caribe,
_c1969.
300 _a30 p. ;
_c24 cm.
590 _aInventariado, 2018/BT
650 0 _aPoesía dominicana
_966
650 0 _aLiteratura dominicana.
_967
910 _aValidado. Control de calidad. MMOLINA
999 _c9887
_d9887